[Event "2e Open International de Balagne"]
[Site "Calvi"]
[Date "2005.02.25"]
[Round "8.17"]
[White "Cwiek, Loic"]
[Black "Pitz Jacobsen, Maria"]
[Result "1-0"]
[WhiteElo "2042"]
[BlackElo "1399"]
[PlyCount "89"]
[EventDate "2005.??.??"]

1. d4 d5 2. Nf3 Nf6 3. c4 Bf5 4. Qb3 b6 5. Nc3 e6 6. Bg5 dxc4 7. Qxc4 Be7 8. e3
O-O 9. Bf4 c5 10. Rd1 Qc8 11. Nb5 Nd5 12. Nd6 Bxd6 13. Bxd6 Rd8 14. dxc5 bxc5
15. Qxc5 Qxc5 16. Bxc5 Nd7 17. Bd4 Rdc8 18. Ba6 Rc2 19. O-O Nb4 20. Bb5 Nb6 21.
a3 N4d5 22. Ne5 Rac8 23. Bd3 Bxd3 24. Nxd3 f6 25. e4 Ne7 26. f3 e5 27. Bxb6
axb6 28. Rf2 Rxf2 29. Nxf2 Nc6 30. Rc1 Kf7 31. Nd3 Ke7 32. b4 Kd7 33. b5 Nd4
34. Rxc8 Kxc8 35. a4 Kc7 36. Kf2 Kd6 37. h4 h6 38. Ke3 g6 39. Nb4 f5 40. f4 Ne6
41. fxe5+ Kxe5 42. Nd5 fxe4 43. Nxb6 Nd4 44. Nd7+ Kd5 45. Nf6+ 1-0

[Event "2e Open International de Balagne"]
[Site "Calvi"]
[Date "2005.02.26"]
[Round "9.1"]
[White "Malakhatko, Vadim"]
[Black "Kryvoruchko, Yuriy"]
[Result "1/2-1/2"]
[WhiteElo "2569"]
[BlackElo "2474"]
[PlyCount "80"]

1. d4 Nf6 2. Nf3 c5 3. e3 e6 4. c4 cxd4 5. exd4 d5 6. Nc3 Be7 7. Bd3 O-O 8. O-O
dxc4 9. Bxc4 Nc6 10. a3 b6 11. Re1 Bb7 12. Ba2 Qd6 13. Be3 Rfd8 14. Qe2 Rac8
15. Rad1 h6 16. h3 Bf8 17. d5 exd5 18. Nxd5 Nxd5 19. Bxd5 Qf6 20. Rd2 Rd7 21.
Red1 Rcd8 22. Ba2 Rxd2 23. Rxd2 Rxd2 24. Qxd2 Qd6 25. Qxd6 Bxd6 26. Bd5 Nd8 27.
Bxb7 Nxb7 28. Kf1 Bc5 29. Ke2 Kf8 30. Nd2 Ke7 31. Ne4 Bxe3 32. Kxe3 Nd6 33.
Nxd6 Kxd6 34. Kd4 h5 35. g4 hxg4 36. hxg4 g5 37. f3 b5 38. b4 a6 39. Ke4 Ke6
40. Kd4 Kd6 1/2-1/2

[Event "2e Open International de Balagne"]
[Site "Calvi"]
[Date "2005.02.26"]
[Round "9.2"]
[White "Hamdouchi, Hicham"]
[Black "Vuckovic, Bojan"]
[Result "1/2-1/2"]
[WhiteElo "2555"]
[BlackElo "2525"]
[PlyCount "96"]
[EventDate "2005.??.??"]

1. e4 c5 2. Nf3 Nc6 3. d4 cxd4 4. Nxd4 Nf6 5. Nc3 e5 6. Ndb5 d6 7. Bg5 a6 8.
Na3 b5 9. Bxf6 gxf6 10. Nd5 f5 11. g3 fxe4 12. Bg2 Be6 13. Bxe4 Bg7 14. Qh5 Rc8
15. Rd1 Ne7 16. c3 Rc5 17. Nb4 Qb6 18. Qg5 Kf8 19. Nac2 a5 20. Nd3 Rc4 21. Bg2
h5 22. Qe3 Qxe3+ 23. Nxe3 Rc8 24. Nc1 b4 25. Rxd6 bxc3 26. bxc3 Nf5 27. Nxf5
Bxf5 28. O-O Ke7 29. Ra6 Rhd8 30. Rxa5 Be6 31. Nb3 Rxc3 32. Nc5 Bxa2 33. Ra7+
Kf8 34. Nd7+ Kg8 35. Nxe5 Bxe5 36. Rxa2 h4 37. Ra5 Bf6 38. Rh5 hxg3 39. fxg3
Rc5 40. Bf3 Rxh5 41. Bxh5 Kg7 42. Kg2 Rd2+ 43. Kh3 Rd5 44. Be2 Rd2 45. Bc4 Rd4
46. Bb3 Rd3 47. Bd1 Rd2 48. Bh5 Rd5 1/2-1/2

[Event "2e Open International de Balagne"]
[Site "Calvi"]
[Date "2005.02.26"]
[Round "9.3"]
[White "Agdestein, Simen"]
[Black "Guidarelli, Laurent"]
[Result "1/2-1/2"]
[WhiteElo "2586"]
[BlackElo "2438"]
[PlyCount "99"]

1. d4 d5 2. c4 c6 3. Nc3 Nf6 4. Bg5 dxc4 5. a4 Qa5 6. Nf3 Ne4 7. Bd2 Nxd2 8.
Nxd2 g6 9. e3 Bg7 10. Bxc4 O-O 11. O-O Nd7 12. Ba2 e5 13. Nc4 Qd8 14. d5 cxd5
15. Qxd5 Nb6 16. Qxd8 Rxd8 17. Rfd1 Bg4 18. Rxd8+ Rxd8 19. Nxb6 axb6 20. Bd5
Bc8 21. Kf1 Bf8 22. e4 Bc5 23. a5 Be6 24. axb6 Bxb6 25. Bxe6 fxe6 26. Ke2 Kf7
27. Ra3 Bd4 28. Rb3 b6 29. Nb5 Bc5 30. g4 Ra8 31. Rf3+ Kg8 32. Nc3 Ra1 33. Rf6
Rh1 34. Rxe6 Rxh2 35. Rf6 Rg2 36. b4 Bd4 37. Nb5 Rxg4 38. Kd3 Kg7 39. Rf3 Bb2
40. Nc7 h5 41. Ne6+ Kh6 42. Rf8 g5 43. Rf6+ Kh7 44. Rf7+ Kg6 45. Rb7 h4 46.
Nf8+ Kf6 47. Nh7+ Kg6 48. Nf8+ Kf6 49. Nh7+ Kg6 50. Nf8+ 1/2-1/2

[Event "2e Open International de Balagne"]
[Site "Calvi"]
[Date "2005.02.26"]
[Round "9.4"]
[White "Baklan, Vladimir"]
[Black "Galdunts, Sergey"]
[Result "1-0"]
[WhiteElo "2578"]
[BlackElo "2489"]
[PlyCount "56"]

1. e4 d6 2. d4 Nf6 3. Nc3 e5 4. Nf3 Nbd7 5. Bc4 Be7 6. O-O O-O 7. Re1 c6 8. a4
b6 9. h3 a6 10. Ba2 Rb8 11. Nh4 b5 12. Nf5 b4 13. Nb1 Re8 14. Qf3 Nf8 15. dxe5
dxe5 16. Nd2 Be6 17. Nc4 N6d7 18. Rd1 Qc7 19. h4 Rbd8 20. h5 Nc5 21. Re1 Bxc4
22. Bxc4 Nfe6 23. Qg4 Kh8 24. Be3 Bf6 25. f3 a5 26. Bf2 h6 27. g3 Nd4 28. Kg2
Nxf5 1-0

[Event "2e Open International de Balagne"]
[Site "Calvi"]
[Date "2005.02.26"]
[Round "9.5"]
[White "Borchgrevink, Harald"]
[Black "Chatalbashev, Boris"]
[Result "0-1"]
[WhiteElo "2257"]
[BlackElo "2538"]
[PlyCount "52"]

1. d4 g6 2. c4 Bg7 3. e4 c5 4. d5 d6 5. Nc3 e6 6. Bd3 Nf6 7. Nf3 O-O 8. O-O Na6
9. h3 Nc7 10. Re1 Rb8 11. a4 e5 12. Ne2 b6 13. Nh2 a6 14. Ra2 Kh8 15. g4 Ng8
16. Ng3 b5 17. Bd2 bxc4 18. Bxc4 f5 19. exf5 gxf5 20. Nh5 Qh4 21. f4 fxg4 22.
hxg4 Nf6 23. Nxf6 Rxf6 24. f5 Bxf5 25. b3 Rg6 26. g5 Bf6 0-1

[Event "2e Open International de Balagne"]
[Site "Calvi"]
[Date "2005.02.26"]
[Round "9.6"]
[White "Grabinsky, Vladimir"]
[Black "Stubberud, Ornulf"]
[Result "1-0"]
[WhiteElo "2315"]
[BlackElo "2093"]
[PlyCount "57"]

1. c4 Nf6 2. Nc3 g6 3. g3 Bg7 4. Bg2 O-O 5. e4 d6 6. Nge2 e5 7. O-O Nc6 8. d3
Be6 9. h3 Qd7 10. Kh2 Ne8 11. Nd5 f5 12. exf5 gxf5 13. Bg5 Kh8 14. Qd2 Nd8 15.
f4 c6 16. Ne3 Bg8 17. Bh4 Nc7 18. Rf2 c5 19. Raf1 Be6 20. Bd5 Bxd5 21. cxd5 Nf7
22. fxe5 Nxe5 23. Nxf5 Nxd5 24. Nc3 Nxc3 25. bxc3 Ng6 26. Nxg7 Kxg7 27. Bf6+
Kg8 28. Qg5 Rae8 29. h4 1-0

[Event "2e Open International de Balagne"]
[Site "Calvi"]
[Date "2005.02.26"]
[Round "9.7"]
[White "Oleksienko, Mikhailo"]
[Black "Guennoun, Anthony"]
[Result "1-0"]
[WhiteElo "2469"]
[BlackElo "2101"]
[PlyCount "77"]

1. e4 c5 2. Nf3 Nc6 3. d4 cxd4 4. Nxd4 Nf6 5. Nc3 e5 6. Ndb5 d6 7. Bg5 a6 8.
Na3 b5 9. Nd5 Be7 10. Bxf6 Bxf6 11. c3 Ne7 12. Nxf6+ gxf6 13. Bd3 d5 14. Nc2
Bb7 15. exd5 Qxd5 16. Ne3 Qe6 17. Qh5 e4 18. Bc2 O-O 19. Bb3 Qe5 20. Ng4 Qg5
21. Bxf7+ Kg7 22. Qxg5+ fxg5 23. Bb3 Nf5 24. O-O-O Rad8 25. Rxd8 Rxd8 26. Rd1
Rxd1+ 27. Bxd1 e3 28. f3 h5 29. Ne5 Bd5 30. Bb3 Bxb3 31. axb3 a5 32. Kd1 Kf6
33. Nd3 g4 34. fxg4 hxg4 35. Ke2 Ke6 36. b4 axb4 37. Nxb4 Ke5 38. g3 Nd6 39.
Nc2 1-0

[Event "2e Open International de Balagne"]
[Site "Calvi"]
[Date "2005.02.26"]
[Round "9.8"]
[White "Vovk, Yuri"]
[Black "Thomassen, Thomas"]
[Result "1-0"]
[WhiteElo "2420"]
[BlackElo "2046"]
[PlyCount "77"]

1. e4 c5 2. Nf3 Nc6 3. Bb5 g6 4. O-O Bg7 5. c3 Nf6 6. d4 cxd4 7. cxd4 d5 8. Ne5
Qb6 9. Qa4 Bd7 10. Nxd7 Kxd7 11. e5 Ne8 12. Nc3 Nc7 13. Be3 Nxb5 14. Nxb5 a6
15. Nc3 e6 16. Rfc1 Rhc8 17. Qd1 Qc7 18. Qf3 Ke8 19. g4 Kf8 20. Kg2 Kg8 21. Ne2
Qe7 22. g5 Nb4 23. Bd2 Nc6 24. h4 Qd8 25. Qd3 Ne7 26. Rh1 Nf5 27. h5 Rc6 28.
Rh3 Rac8 29. Ng3 Nxg3 30. Rxg3 Rc4 31. Rh1 b5 32. Rgh3 Qb6 33. Rh4 Kf8 34. h6
Bh8 35. Re1 b4 36. a3 a5 37. axb4 axb4 38. b3 Rc2 39. Ra1 1-0

[Event "2e Open International de Balagne"]
[Site "Calvi"]
[Date "2005.02.26"]
[Round "9.9"]
[White "Zozulia, Anna"]
[Black "Cwiek, Loic"]
[Result "1-0"]
[WhiteElo "2411"]
[BlackElo "2042"]
[PlyCount "68"]
[EventDate "2005.??.??"]

1. e4 c5 2. Nf3 d6 3. d4 cxd4 4. Nxd4 Nf6 5. Nc3 Nc6 6. Be2 g6 7. O-O Bg7 8.
Nb3 O-O 9. Bg5 a5 10. a4 Be6 11. f4 Bxb3 12. cxb3 Qb6+ 13. Kh1 Qd4 14. Bf3 Nd7
15. Qe2 Nc5 16. Rad1 Qb4 17. Nd5 Qxb3 18. Nxe7+ Nxe7 19. Bxe7 Rfc8 20. Bxd6
Nxa4 21. e5 Rc2 22. Qe4 Rxb2 23. Rc1 Rd8 24. Rc7 b5 25. Rfc1 Nb6 26. Qb7 Qe3
27. h3 Qxf4 28. Qxb6 Bxe5 29. Bxe5 Qxe5 30. Rxf7 Rbd2 31. Rfc7 a4 32. R7c5 Qe3
33. Qxb5 a3 34. R5c3 Qe7 1-0

[Event "2e Open International de Balagne"]
[Site "Calvi"]
[Date "2005.02.26"]
[Round "9.10"]
[White "Muzychuk, Anna"]
[Black "Astrup, Hkon"]
[Result "1-0"]
[WhiteElo "2387"]
[BlackElo "1965"]
[PlyCount "39"]

1. e4 c6 2. d4 d5 3. e5 c5 4. c4 cxd4 5. Qxd4 Nc6 6. Qxd5 Qxd5 7. cxd5 Nxe5 8.
Nc3 Nf6 9. Bf4 Ng6 10. Bg3 a6 11. Nf3 Bf5 12. O-O-O Rc8 13. Bd3 Ne4 14. Rhe1
Nxg3 15. hxg3 Bd7 16. Nd4 Rc5 17. Kb1 b5 18. f4 f6 19. Ne6 Bxe6 20. dxe6 1-0

[Event "2e Open International de Balagne"]
[Site "Calvi"]
[Date "2005.02.26"]
[Round "9.11"]
[White "Massoni, Michael"]
[Black "Yakivchik, Myroslava"]
[Result "1/2-1/2"]
[WhiteElo "2026"]
[BlackElo "2360"]
[PlyCount "64"]

1. e4 c5 2. Nf3 d6 3. d4 cxd4 4. Nxd4 Nf6 5. Nc3 a6 6. Bg5 e6 7. f4 Be7 8. Qf3
Qc7 9. O-O-O Nbd7 10. g4 b5 11. Bxf6 Nxf6 12. g5 Nd7 13. f5 Bxg5+ 14. Kb1 Nb6
15. Bxb5+ axb5 16. Ndxb5 Qe7 17. Nxd6+ Kf8 18. e5 exf5 19. Qc6 Rb8 20. h4 Be3
21. Rhe1 f4 22. Nxc8 Nxc8 23. Rd7 Qe8 24. Qc7 Nb6 25. Rxf7+ Qxf7 26. Qxb8+ Ke7
27. Qd6+ Ke8 28. Qb8+ Ke7 29. Qd6+ Ke8 30. Qb8+ Ke7 31. Qd6+ Ke8 32. Qb8+ Ke7
1/2-1/2

[Event "2e Open International de Balagne"]
[Site "Calvi"]
[Date "2005.02.26"]
[Round "9.12"]
[White "Kvisla, Johannes Luangtep"]
[Black "Kirszenberg, Marc"]
[Result "1/2-1/2"]
[WhiteElo "2003"]
[BlackElo "2233"]
[PlyCount "119"]

1. e4 d5 2. exd5 Nf6 3. d4 Nxd5 4. g3 g6 5. Bg2 Bg7 6. c3 c6 7. Ne2 O-O 8. O-O
Nd7 9. Nf4 Nxf4 10. Bxf4 e5 11. dxe5 Nxe5 12. Nd2 Nd3 13. Be3 Nxb2 14. Qb3 Nd3
15. Ne4 Qc7 16. Rad1 Be6 17. Qb1 Ne5 18. Nc5 Bc4 19. Rfe1 b6 20. Bf4 bxc5 21.
Qe4 Bxa2 22. Bxe5 Qxe5 23. Qxe5 Bxe5 24. Rxe5 Bd5 25. Bxd5 cxd5 26. Rdxd5 a5
27. Rxc5 a4 28. Re2 a3 29. Ra2 Rfb8 30. Rd5 Rb2 31. Ra1 a2 32. Rdd1 Rc2 33. c4
Rxc4 34. Rd2 Rca4 35. Kg2 h5 36. h4 Kg7 37. Kh2 Kf6 38. Kg2 Ke5 39. Re1+ Re4
40. Ra1 Rea4 41. Re1+ Kf6 42. Ra1 R8a5 43. Rd6+ Kf5 44. Rd2 f6 45. Re2 Ra3 46.
Rd2 R5a4 47. Re2 g5 48. hxg5 fxg5 49. Rd2 Kg4 50. Rc2 h4 51. gxh4 gxh4 52. Rd2
Kf4 53. Re2 Kf5 54. Rd2 Rg4+ 55. Kh2 Rga4 56. Kg2 Ke5 57. Re1+ Re4 58. Ra1 Rea4
59. Re1+ Kf5 60. Ra1 1/2-1/2

[Event "2e Open International de Balagne"]
[Site "Calvi"]
[Date "2005.02.26"]
[Round "9.13"]
[White "Gelis, Dorian"]
[Black "Loberg, Jo Kristian"]
[Result "1-0"]
[WhiteElo "2172"]
[BlackElo "1199"]
[PlyCount "39"]

1. e4 e5 2. d4 exd4 3. Qxd4 Nc6 4. Qe3 Bb4+ 5. Nc3 d6 6. Bd2 Be6 7. f4 f6 8.
O-O-O Qd7 9. Nd5 Bxd2+ 10. Rxd2 O-O-O 11. Bb5 Re8 12. Nb4 Nge7 13. Qa3 Kb8 14.
Nf3 a6 15. Ba4 Rd8 16. Nd4 Bf7 17. Bxc6 Nxc6 18. Nbxc6+ bxc6 19. Qxa6 Qc8 20.
Nxc6# 1-0

[Event "2e Open International de Balagne"]
[Site "Calvi"]
[Date "2005.02.26"]
[Round "9.14"]
[White "Danielsen, Magnus"]
[Black "Brethes, Francois"]
[Result "1/2-1/2"]
[WhiteElo "1914"]
[BlackElo "2147"]
[PlyCount "109"]
[EventDate "2005.??.??"]

1. e4 b6 2. d4 Bb7 3. Bd3 e6 4. Nf3 Nf6 5. Qe2 Be7 6. O-O d5 7. e5 Nfd7 8. c3
c5 9. a3 a5 10. b3 Ba6 11. Bxa6 Nxa6 12. Bb2 O-O 13. Nbd2 Nc7 14. Ne1 b5 15. f4
b4 16. cxb4 axb4 17. a4 Nb6 18. dxc5 Bxc5+ 19. Kh1 Be7 20. Nef3 Qb8 21. Nd4 g6
22. Nc6 Qe8 23. Rac1 Na6 24. Bd4 Nd7 25. Rc2 Bc5 26. Rfc1 Kg7 27. Bxc5 Ndxc5
28. Rxc5 Nxc5 29. Rxc5 Rc8 30. Qb5 Qd7 31. Nf3 Rc7 32. h3 Rfc8 33. Nfd4 Rb7 34.
Qd3 Qc7 35. Rc2 Qb6 36. Kh2 Rbc7 37. Qb5 Qxb5 38. axb5 Rb7 39. Nxb4 Rxc2 40.
Nbxc2 Kf8 41. Nb4 Ke8 42. Nbc6 Kd7 43. Kg3 Kc7 44. Kf3 Kb6 45. b4 Rc7 46. Ke3
Rc8 47. g4 Ra8 48. Na5 Rc8 49. Kd2 h5 50. g5 h4 51. Nac6 Ra8 52. Na5 Rc8 53.
Ndc6 Rc7 54. Nd4 Rc8 55. Nac6 1/2-1/2

[Event "2e Open International de Balagne"]
[Site "Calvi"]
[Date "2005.02.26"]
[Round "9.15"]
[White "Fossum, Oystein Boyum"]
[Black "Rossi, Pascal"]
[Result "1-0"]
[WhiteElo "2214"]
[BlackElo "1811"]
[PlyCount "65"]

1. e4 b6 2. d4 Bb7 3. Bd3 e6 4. Nf3 Nf6 5. Qe2 Be7 6. O-O d5 7. e5 Nfd7 8. c3
c5 9. a3 a5 10. b3 Ba6 11. Bxa6 Nxa6 12. Bb2 O-O 13. Nbd2 Nc7 14. Ne1 b5 15. f4
b4 16. cxb4 axb4 17. a4 Nb6 18. dxc5 Bxc5+ 19. Kh1 Be7 20. Nef3 Qb8 21. Nd4 g6
22. Nc6 Qe8 23. Rac1 Na6 24. Bd4 Nd7 25. Rc2 Bc5 26. Rfc1 Kg7 27. Bxc5 Ndxc5
28. Rxc5 Nxc5 29. Rxc5 Rc8 30. Qb5 Qd7 31. Nf3 Rc7 32. h3 Rfc8 33. Nfd4 1-0